000 01000cab a2200241 4500
001 X2510
008 090401t1995 xxu||||| |||| 00| 0 eng d
035 _a(Sirsi) u24731
041 _aeng
245 _aLewisham LBC and Perrett
260 _c1995
350 _a0
490 _aPlanning Appeal Decisions
_v(1995) PAD 407-412 (6)
520 _aEnforcement notice - change of use - residential to music practice and mixed use - residential premises unoccupied - whether music use de minimis - whether use incidental to enjoyment of dwelling-house as such - whether any change of use - notice must not deprive appellant from doing something for which permission not needed - correction and variation of notice.
650 _aCORRECTION OF NOTICE
650 _aLEWISHAM LBC AND PERRETT
650 _aMUSIC PRACTICE
650 _aTOWN AND COUNTRY PLANNING ACT 1990 S55
650 _aVARIATION OF NOTICE
690 _aPLANNING LAW AND PRACTICE-CASE LAW
942 _n0
948 _c04/03/1997
999 _c16592
_d16592